Efektivnost sociálního rozvoje pracovních kolektivů podniků 1. etapa

Gespeichert in:
Bibliographische Detailangaben
1. Verfasser: Čabanová, Bohumila
Format: Buch
Sprache:Tschechisch
Veröffentlicht: Praha Technicko-ekonomický výzkumný ústav hnutnického průmyslu 1987
Schriftenreihe:Ekonomika hutního průmyslu Sv. 194
Tags: Tag hinzufügen
Keine Tags, Fügen Sie das erste Tag hinzu!

MARC

LEADER 00000nam a2200000 4500
001 c029649
005 20260116071214.2
041 0 |a cze 
044 |a CZ 
245 1 0 |a Efektivnost sociálního rozvoje pracovních kolektivů podniků  |b 1. etapa  |c Bohumila Čabanová 
264 1 |a Praha  |b Technicko-ekonomický výzkumný ústav hnutnického průmyslu  |c 1987 
300 |a 14 s. 
490 1 |a Ekonomika hutního průmyslu  |v Sv. 194 
830 0 |a Ekonomika hutního průmyslu  |v Sv. 194 
100 1 |a Čabanová, Bohumila